000 00256 a2200109 4500
001 32352
090 _c21730
_d21730
100 _aBigelow Stephen
245 _aTroubleshooting and Repairing computer monitors, 2/e
250 _a2
260 _aN.Y
_bMcGraw Hill
_c1997
942 _aNUST-CAE
999 _c267425
_d267425